Makroökonomische Effekte einer Wochenarbeitszeitverkürzung <Eine> Simulationsstudie für Österreich

Enregistré dans:
Détails bibliographiques
Auteur principal: Maurer, Johann
Autres auteurs: Pichelmann, Karl
Format: Livre
Langue:allemand
Publié: Wien Institut für Höhere Studien 1983
Collection:Forschungsbericht No. 192
Tags: Ajouter un tag
Pas de tags, Soyez le premier à ajouter un tag!

MARC

LEADER 00000nam a2200000 4500
001 c115384
005 20221207065711.4
041 0 |a ger 
044 |a AT 
245 1 0 |a Makroökonomische Effekte einer Wochenarbeitszeitverkürzung  |b <Eine> Simulationsstudie für Österreich  |c Johann Maurer, Karl Pichelmann 
264 1 |a Wien  |b Institut für Höhere Studien  |c 1983 
300 |a 23 s. 
490 1 |a Forschungsbericht  |v No. 192 
830 0 |a Forschungsbericht  |v No. 192 
100 1 |a Maurer, Johann 
700 1 |a Pichelmann, Karl